[Event "42nd GM 2014"]
[Site "Dortmund GER"]
[Date "2014.07.18"]
[Round "5.4"]
[White "Meier,Geo"]
[Black "Adams,Mi"]
[Result "1/2-1/2"]
[WhiteElo "2632"]
[BlackElo "2743"]

1.d4 d5 2.c4 c6 3.Nf3 Nf6 4.e3 Bg4 5.Qb3 Qb6 6.Nc3 e6 7.Nh4 Be7 8.h3 Bh5
9.g4 Bg6 10.Nxg6 hxg6 11.Bg2 g5 12.Bd2 Nbd7 13.Qa4 Qc7 14.cxd5 Nxd5 15.O-O O-O
16.Rac1 Rad8 17.Qc2 Qb8 18.Rfd1 Rfe8 19.Ne2 Nf8 20.a3 Ng6 21.b4 Nh4 22.Qb3 e5
23.Bh1 a6 24.a4 exd4 25.Nxd4 Nf4 26.exf4 Rxd4 27.fxg5 Red8 28.Be3 Rxb4 29.Qc2 Qe5
30.Rxd8+ Bxd8 31.Rb1 a5 32.Bd2 Bc7 33.Kf1 Qh2 34.Ke2 Qe5+ 35.Kf1 Qh2 36.Ke2 Rxb1
37.Qxb1 Qxh3 38.Qe4 Ng6 39.Qe8+ Nf8 40.Bf3 Qh2 41.Be3 Qe5 42.Qxe5 Bxe5 43.Be4 Ne6
44.g6 Bf4 45.Bb6 Bc7 46.Be3 Kf8 47.Kd3 Ke7 48.Kc4 fxg6 49.Bxg6 Kf6 50.Bf5 g6
51.Bxe6 Kxe6 52.f4 Bb8 53.Bd2 Bc7 54.Be3 Bd6 55.Bd2 Kf7 56.Be3 Bb4 57.Bc1 Ke6
58.Be3 Kf7 59.Bc1 Ke6 60.Be3 Kf7  1/2-1/2

[Event "PokerStars IoM Masters 2014"]
[Site "Douglas ENG"]
[Date "2014.10.10"]
[Round "7.9"]
[White "Adams,Mi"]
[Black "Givon,A"]
[Result "1-0"]
[WhiteElo "2758"]
[BlackElo "2431"]

1.e4 c5 2.Nf3 d6 3.d4 cxd4 4.Nxd4 Nf6 5.Nc3 a6 6.Be3 Ng4 7.Bg5 h6 8.Bh4 g5
9.Bg3 Bg7 10.Be2 h5 11.h4 Nc6 12.Nb3 gxh4 13.Bxh4 Be6 14.Qd2 Qb6 15.Nd5 Bxd5
16.exd5 Nd4 17.Nxd4 Bxd4 18.O-O Bf6 19.Bxf6 Nxf6 20.c4 a5 21.Rfe1 Kf8 22.Rac1 Rc8
23.a3 h4 24.Bd1 h3 25.g3 Rc7 26.b4 axb4 27.axb4 Rg8 28.c5 dxc5 29.bxc5 Rxc5
30.Qh6+ Rg7 31.Qe3 Ne4 32.Bc2 f5 33.Bxe4 Rxc1 34.Qxc1 fxe4 35.Qc8+ Kf7 36.Qxh3 Rg6
37.Re2 Qd4 38.Qh7+ Qg7 39.Qh5 Qd4 40.Kg2 Kg7 41.Qf5 Rf6 42.Rxe4 Rxf5 43.Rxd4 Rh5
44.d6  1-0

[Event "PokerStars IoM Masters 2014"]
[Site "Douglas ENG"]
[Date "2014.10.11"]
[Round "8.6"]
[White "Harika,D"]
[Black "Adams,Mi"]
[Result "1/2-1/2"]
[WhiteElo "2528"]
[BlackElo "2758"]

1.d4 Nf6 2.c4 e6 3.Nf3 b6 4.g3 Bb7 5.Bg2 Be7 6.O-O O-O 7.d5 exd5 8.Nh4 c6
9.cxd5 Nxd5 10.Nf5 Nc7 11.e4 d5 12.Nc3 Bf6 13.exd5 Nxd5 14.Nxd5 cxd5 15.Ne3 Na6
16.Nxd5 Nc5 17.Be3 Bxd5 18.Bxd5 Rc8 19.Rb1 Qe7 20.Bxc5 Rxc5 21.b4 Rc3 22.Re1 Qc7
23.Bb3 g6 24.Qg4 Kg7 25.Rbd1 h5 26.Qd7 Rd8 27.Qxc7 Rxc7 28.Rxd8 Bxd8 29.Rd1 Be7
30.Rd4 Bf6 31.Rd1 b5 32.Rd5 Rb7 33.Rd3 Bb2 34.Kg2 a6 35.Rd6 Ra7 36.a4 Bc3
37.axb5 axb5 38.Rb6 Bxb4  1/2-1/2

[Event "PokerStars IoM Masters 2014"]
[Site "Douglas ENG"]
[Date "2014.10.12"]
[Round "9.5"]
[White "Adams,Mi"]
[Black "Arkell,K"]
[Result "1-0"]
[WhiteElo "2758"]
[BlackElo "2450"]

1.e4 c6 2.d4 d5 3.Nd2 dxe4 4.Nxe4 Nd7 5.Ng5 Ngf6 6.Bd3 Nb6 7.N1f3 Bg4 8.Qe2 Bh5
9.Bd2 h6 10.Ne4 Nxe4 11.Bxe4 e6 12.O-O-O Be7 13.Kb1 Nd5 14.c4 Nf6 15.Bc2 Qd7
16.h3 Bxf3 17.Qxf3 Rd8 18.Ba5 Rc8 19.Bb3 O-O 20.g4 b6 21.Bc3 b5 22.h4 bxc4
23.Bxc4 Nd5 24.Bd2 Nb6 25.Bb3 Qxd4 26.g5 Rfd8 27.Bc3 Qc5 28.gxh6 Bf6 29.Bxf6 gxf6
30.Bxe6  1-0

[Event "6th London Classic 2014"]
[Site "London ENG"]
[Date "2014.12.11"]
[Round "2.1"]
[White "Giri,A"]
[Black "Adams,Mi"]
[Result "1-0"]
[WhiteElo "2768"]
[BlackElo "2745"]

1.d4 Nf6 2.c4 e6 3.g3 d5 4.Bg2 Bb4+ 5.Nd2 O-O 6.Nf3 dxc4 7.Qc2 c5 8.dxc5 c3
9.bxc3 Bxc5 10.O-O Qc7 11.Ne4 Nxe4 12.Qxe4 Nd7 13.Bf4 Bd6 14.Bxd6 Qxd6 15.Rfd1 Qc7
16.Qb4 Nf6 17.Nd4 a6 18.Nb3 a5 19.Qc5 Qb8 20.Rab1 b6 21.Qd6 Nd5 22.Qxb8 Rxb8
23.Bxd5 exd5 24.Nxa5 Bf5 25.Nc6 Bxb1 26.Nxb8 Bxa2 27.Nd7 Re8 28.Nxb6 Rxe2
29.c4 Kf8 30.Rxd5 Bb1 31.Rd8+ Ke7 32.Rd1 Bc2 33.Nc8+ Kf6 34.Rd6+ Kg5 35.Kf1 Re8
36.Rd5+ Kf6 37.Nd6 Ra8 38.Ke2 Ra1 39.Ne8+ Kg6 40.Rd6+ f6 41.Rd7 Kh6 42.Nxg7 Ra2
43.Ke3 Ra5 44.Re7 Rc5 45.Kd4 Re5 46.Rxe5 fxe5+ 47.Kc3  1-0

[Event "King's Head Blitz 2016"]
[Site "London ENG"]
[Date "2016.02.27"]
[Round "3.1"]
[White "Adams,Mi"]
[Black "McShane,L"]
[Result "1/2-1/2"]
[WhiteElo "2744"]
[BlackElo "2671"]

1.c4 e5 2.g3 Nf6 3.Bg2 Bc5 4.Nc3 O-O 5.Nf3 Re8 6.O-O d6 7.d3 h6 8.Na4 Nc6
9.b3 a5 10.Nxc5 dxc5 11.Bb2 Bg4 12.h3 Bh5 13.e3 Qd7 14.Qe2 Rad8 15.Rad1 Nh7
16.Rd2 Ng5 17.g4 Nxf3+ 18.Bxf3 Bg6 19.Rfd1 Nb4 20.Be4 Nxa2 21.Bxg6 fxg6 22.Bxe5 Nb4
23.Bc3 Nc6 24.Qf3 Qe6 25.d4 cxd4 26.exd4 Qe4 27.Qxe4 Rxe4 28.Kg2 b6 29.d5 Ne7
30.Bd4 Nc8 31.f3 Re7 32.Kf2 Nd6 33.Re2 Rxe2+ 34.Kxe2 a4 35.bxa4 Ra8 36.c5 bxc5
37.Bxc5 Rxa4 38.Rc1 Ra5 39.Ke3 Kf7 40.Bd4 Ne8 41.Rc5 Ra3+ 42.Rc3 Ra5 43.Ke4 Nd6+
44.Ke5 Ne8 45.h4 Ke7 46.Bc5+ Kd7 47.Bf8 Ra6 48.Rc4 g5 49.hxg5 hxg5 50.Bc5 Rf6
51.Rc3 Nd6 52.Bxd6 cxd6+ 53.Ke4 Rf4+ 54.Ke3 Ra4 55.Rb3 Ke7 56.Rb7+ Kf6 57.Rd7 Ra3+
58.Kf2 Ra2+ 59.Kg3 Ra6 60.Rd8 Ke5 61.Rd7 Kf6 62.Kf2  1/2-1/2

[Event "King's Head Blitz 2016"]
[Site "London ENG"]
[Date "2016.02.27"]
[Round "4.2"]
[White "Adams,Mi"]
[Black "Hebden,M"]
[Result "1/2-1/2"]
[WhiteElo "2744"]
[BlackElo "2467"]

1.d4 Nf6 2.Bg5 d5 3.Bxf6 exf6 4.e3 Bd6 5.c4 dxc4 6.Bxc4 O-O 7.Nc3 Nd7 8.Nge2 f5
9.O-O Nf6 10.Rc1 c6 11.a3 Qe7 12.Qc2 Be6 13.Bxe6 Qxe6 14.h3 Rfe8 15.Rfd1 Rad8
16.b4 Nd5 17.Nxd5 cxd5 18.Qb3 Qh6 19.Kf1 f4 20.exf4 Bxf4 21.Rc5 Bd6 22.Rc2 Qg5
23.Qf3 Re6 24.Qg4 Qxg4 25.hxg4 g6 26.Rdc1 Ree8 27.g3 a6 28.Nc3 Bb8 29.Re1 Re6
30.Na4 Rf6 31.Kg2 b6 32.Re7 Bd6 33.Rb7 b5 34.Nc5 Bf8 35.Nd7 Re6 36.Nxf8 Rxf8
37.Ra7 Re4 38.Rxa6 Rxg4 39.Rb6 Ra8 40.Rxb5 Rxd4 41.Rb7 Rc4 42.Rxc4 dxc4 43.Rc7 Rxa3
44.Rxc4 Rb3 45.g4 h6 46.f3 Kg7 47.Rf4 h5 48.gxh5 gxh5 49.Kg3 Kg6 50.Rc4 f6
51.Rd4 Kg5 52.Rd5+ Kg6 53.Rd4 Rb1 54.Rc4 Rg1+ 55.Kf2 Rb1 56.Kg3 Kf5 57.Rc5+ Ke6
58.Rxh5 Rxb4 59.Ra5 Kf7 60.f4 Kg6 61.Kg4  1/2-1/2

[Event "King's Head Blitz 2016"]
[Site "London ENG"]
[Date "2016.02.27"]
[Round "4.1"]
[White "Hebden,M"]
[Black "Adams,Mi"]
[Result "0-1"]
[WhiteElo "2467"]
[BlackElo "2744"]

1.d4 Nf6 2.Nf3 e6 3.Bg5 h6 4.Bh4 c5 5.e3 cxd4 6.exd4 Be7 7.Bd3 b6 8.Bg3 Ba6
9.Bxa6 Nxa6 10.O-O O-O 11.Nbd2 b5 12.a3 Nc7 13.c3 Ncd5 14.Re1 Qb6 15.Ne5 Rfc8
16.Bh4 d6 17.Bxf6 Bxf6 18.Nd3 a5 19.Ne4 Be7 20.Rc1 Qa6 21.Qf3 Rab8 22.g3 b4
23.axb4 axb4 24.cxb4 Nxb4 25.Rxc8+ Qxc8 26.Rc1 Qd7 27.Nxb4 Rxb4 28.d5 e5
29.Qe2 f5 30.Nc3 e4 31.Ra1 Bf6 32.h4 Kh7 33.h5 Qb7 34.Nd1 Qxd5 35.Ne3 Qc5
36.Ra2 Bd4 37.Nd1 Rb3 38.Kg2 Rd3 39.Ra3 Rxa3 40.bxa3 Qxa3 41.Ne3 Bxe3 42.fxe3 Qc5
43.Qf2 Qd5 44.Qf4 Qe5 45.Qh4 Qb2+ 46.Kh3 Qc1  0-1

[Event "Kilkenny Masters"]
[Site "Kilkenny IRL"]
[Date "2016.11.26"]
[Round "3.1"]
[White "Cornette,M"]
[Black "Adams,Mi"]
[Result "1/2-1/2"]
[WhiteElo "2599"]
[BlackElo "2744"]

1.e4 e5 2.Nf3 Nc6 3.Nc3 Nf6 4.Bb5 Bd6 5.a3 h6 6.d3 a6 7.Ba4 Bc5 8.Bxc6 dxc6
9.Nxe5 Bxf2+ 10.Kxf2 Qd4+ 11.Be3 Qxe5 12.h3 Qe7 13.Rf1 Be6 14.Kg1 O-O-O 15.Qf3 Kb8
16.Qf2  1/2-1/2

[Event "Kilkenny Masters"]
[Site "Kilkenny IRL"]
[Date "2016.11.26"]
[Round "4.1"]
[White "Maze,S"]
[Black "Adams,Mi"]
[Result "1/2-1/2"]
[WhiteElo "2615"]
[BlackElo "2744"]

1.e4 e5 2.Nf3 Nc6 3.Nc3 Nf6 4.Bb5 Bb4 5.Bxc6 dxc6 6.Nxe5 Bxc3 7.dxc3 Qxd1+
8.Kxd1 Nxe4 9.Nd3 Be6 10.Re1 Nf6 11.Bg5 O-O-O 12.Bxf6 gxf6 13.b3 h5 14.Kd2 h4
15.c4 Bf5  1/2-1/2

[Event "Kilkenny Masters"]
[Site "Kilkenny IRL"]
[Date "2016.11.27"]
[Round "5.2"]
[White "Adams,Mi"]
[Black "Lalic,B"]
[Result "1/2-1/2"]
[WhiteElo "2744"]
[BlackElo "2443"]

1.c4 c5 2.Nc3 g6 3.g3 Bg7 4.Bg2 Nc6 5.Nf3 e6 6.d3 Nge7 7.h4 h6 8.Bd2 d5 9.a3 b6
10.O-O O-O 11.Qc1 Na5 12.Qc2 dxc4 13.dxc4 Nxc4 14.Bf4 Bb7 15.Nb5 Nxb2 16.Rab1 a6
17.Nd6 Bxf3 18.Bxf3 Nd5 19.Nxf7 Kxf7 20.Bc1 b5 21.Bxb2 Bxb2 22.Rxb2 Qf6 23.a4 Rab8
24.axb5 axb5 25.Bxd5 exd5 26.Rfb1 Qc6 27.h5 Kg7 28.hxg6 d4 29.Qd3 Qxg6 30.Rxb5 Qxd3
31.exd3 Rxb5 32.Rxb5 Rf3 33.Rxc5 Rxd3 34.Rd5 Rd2 35.Kg2 d3 36.Kf3 Kf6 37.g4 Rd1
38.Ke3 Re1+ 39.Kf4 Re2 40.Kf3 Rd2 41.Rf5+ Kg6 42.Ke3 Ra2 43.Rd5 Re2+ 44.Kf3 Re6
45.Kg3 d2 46.Rxd2 h5 47.gxh5+  1/2-1/2

[Event "Gibraltar Masters 2017"]
[Site "Caleta ENG"]
[Date "2017.02.02"]
[Round "10.1"]
[White "Anton Guijarro,D"]
[Black "Adams,Mi"]
[Result "1/2-1/2"]
[WhiteElo "2650"]
[BlackElo "2751"]

1.d4 Nf6 2.c4 e6 3.Nf3 d5 4.Nc3 a6 5.cxd5 exd5 6.Bf4 Bd6 7.Bg3 Bf5 8.e3 O-O
9.Qb3 Bxg3 10.hxg3 Nc6 11.Nh4 Bg4 12.Bd3 Re8 13.O-O Rb8 14.Rac1 Ne7 15.Qc2 c6
16.Rfe1 Qd6 17.a3 Ng6 18.Nf3 Ne7 19.Ne5 g6 20.Nxg4 Nxg4 21.Be2 Nf6 22.g4 Kg7
23.g5 Nfg8 24.Qd2 f5 25.Na4 h6 26.gxh6+ Nxh6 27.Nc5 Rh8 28.g3 Nf7 29.Kg2 Ng5
30.Rh1 Ne4 31.Nxe4 fxe4 32.Bg4  1/2-1/2

[Event "chess.com IoM Masters"]
[Site "Douglas ENG"]
[Date "2017.09.25"]
[Round "3.3"]
[White "Adams,Mi"]
[Black "Bok,B"]
[Result "1/2-1/2"]
[WhiteElo "2738"]
[BlackElo "2620"]

1.e4 e5 2.Nf3 Nc6 3.Bb5 Nf6 4.d3 Bc5 5.Bxc6 dxc6 6.O-O Qe7 7.Nbd2 Bg4 8.Re1 Nd7
9.h3 Be6 10.c3 O-O 11.d4 Bd6 12.Nf1 f6 13.Ne3 Rfe8 14.b3 exd4 15.cxd4 Rad8
16.Bb2 Bb4 17.Re2 Ne5 18.Nh4 Qf7 19.Nef5 Ng6 20.Re3 Nxh4 21.Nxh4 c5 22.d5 c6
23.a3 Ba5 24.d6 c4 25.bxc4 Bb6 26.Rd3 Bc5 27.Nf5 Rd7 28.Ne7+ Kh8 29.e5 fxe5
30.Bxe5 Bxc4 31.Rd2 Bd5 32.Qa4 Bxd6 33.Bxd6 Rxd6 34.Nxd5 Rxd5  1/2-1/2

[Event "chess.com IoM Masters"]
[Site "Douglas ENG"]
[Date "2017.09.26"]
[Round "4.6"]
[White "Tari,A"]
[Black "Adams,Mi"]
[Result "1/2-1/2"]
[WhiteElo "2588"]
[BlackElo "2738"]

1.d4 Nf6 2.c4 e6 3.Nf3 d5 4.Nc3 a6 5.cxd5 exd5 6.Bg5 Be7 7.e3 h6 8.Bf4 Be6
9.h3 Nbd7 10.Bd3 Rc8 11.O-O O-O 12.Rc1 c5 13.dxc5 Nxc5 14.Nd4 Re8 15.Qe2 Bd6
16.Bxd6 Qxd6 17.Rfd1 g6 18.Bb1 Bd7 19.Qf3 Kg7 20.Nde2 Na4 21.Rd2 Nxc3 22.Nxc3 b5
23.Rcd1 Bc6 24.Rd4 b4 25.Ne2 a5 26.Nf4 Qe5 27.Nd3 Qe7 28.Nf4 Qe5 29.Bc2 Red8
30.Qg3 Qg5 31.Qf3 Qe5 32.Qe2 Qe7 33.Bb3 Qc5 34.Qd2 h5 35.Bc2 Qe7 36.e4 Rd7
37.exd5 Nxd5 38.Nxd5 Rxd5 39.Rxd5 Bxd5 40.Bxg6 Bxg2 41.Kxg2 fxg6 42.Qd7 Qxd7  1/2-1/2

[Event "chess.com IoM Masters"]
[Site "Douglas ENG"]
[Date "2017.09.28"]
[Round "6.4"]
[White "Fressinet,L"]
[Black "Adams,Mi"]
[Result "1/2-1/2"]
[WhiteElo "2657"]
[BlackElo "2738"]

1.e4 e5 2.Nf3 Nc6 3.Bc4 Bc5 4.c3 Nf6 5.d3 O-O 6.O-O d5 7.exd5 Nxd5 8.a4 Bf5
9.Nbd2 Nb6 10.Bb5 Ne7 11.Ne4 a6 12.Nxc5 axb5 13.a5 Na4 14.Nxa4 Rxa5 15.Nxe5 Ng6
16.Nxg6 hxg6 17.d4 Bd7 18.b3 bxa4 19.bxa4 Qf6 20.Re1 Rfa8 21.Qd3 Rxa4 22.Rxa4 Rxa4
23.Qg3 Qc6 24.h3 Ra1 25.Bd2 Rxe1+ 26.Bxe1 Qd6 27.Qxd6 cxd6 28.c4 b5 29.cxb5 Bxb5
30.Bb4 d5  1/2-1/2

[Event "chess.com IoM Masters"]
[Site "Douglas ENG"]
[Date "2017.09.29"]
[Round "7.5"]
[White "Adams,Mi"]
[Black "L'Ami,E"]
[Result "1/2-1/2"]
[WhiteElo "2738"]
[BlackElo "2611"]

1.e4 e5 2.Nf3 Nc6 3.Bb5 Nf6 4.O-O Nxe4 5.Re1 Nd6 6.Nxe5 Be7 7.Bf1 Nxe5 8.Rxe5 O-O
9.d4 Bf6 10.Re1 Nf5 11.d5 d6 12.Nd2 Bg5 13.Nf3 Bxc1 14.Qxc1 Nh4 15.Qf4 Nxf3+
16.Qxf3 Re8 17.Rxe8+ Qxe8 18.Qc3 Qd8 19.Re1 Bd7 20.Re3 a6 21.Bd3 Bb5 22.Be4 Rc8
23.Qd4 Qf8 24.Bf5 Rb8 25.a4 Be8 26.h4 c5 27.dxc6 Bxc6 28.Be4 Bxe4 29.Rxe4 h6
30.Qd5 Qd8 31.g3 b5 32.axb5 Rxb5 33.Qc6 Rb8 34.b4 d5 35.Re5 Qc8 36.Qd6 d4
37.Rc5 Qe8 38.Re5 Qd8 39.Qc6 Qc8 40.Qd6 Qd8 41.Qxa6 Rxb4 42.Qc6 Rb8 43.Qe4 Qc8
44.h5 Qc7 45.Kg2 Rd8 46.Re7 Qc5 47.g4 Kf8 48.Re5 Qd6 49.Kg1 f6 50.Re6 Qd7
51.Kg2 Qd5 52.Qxd5  1/2-1/2

[Event "9th London Classic 2017"]
[Site "London ENG"]
[Date "2017.12.01"]
[Round "1.5"]
[White "Adams,Mi"]
[Black "Karjakin,Sergey"]
[Result "1/2-1/2"]
[WhiteElo "2715"]
[BlackElo "2760"]

1.c4 Nf6 2.g3 e6 3.Bg2 d5 4.Nf3 dxc4 5.Qa4+ Nbd7 6.Qxc4 a6 7.Qc2 c5 8.Nc3 Qc7
9.d4 b6 10.Bf4 Bd6 11.Bxd6 Qxd6 12.O-O Bb7 13.Rfd1 O-O 14.e4 cxd4 15.Nxd4 Qc7
16.Rac1 Rac8 17.Qd2 Qb8 18.Qe2 b5 19.a3 g6 20.Qe3 Rfd8 21.h3 Ba8 22.Nde2 Kg7
23.b3 h5 24.Rd2 Qb6 25.Qxb6 Nxb6 26.Rxd8 Rxd8 27.e5 Nfd7 28.Bxa8 Rxa8 29.f4 Nc5
30.Nd4 Rd8  1/2-1/2

[Event "9th London Classic 2017"]
[Site "London ENG"]
[Date "2017.12.08"]
[Round "6.4"]
[White "Adams,Mi"]
[Black "Nepomniachtchi,I"]
[Result "0-1"]
[WhiteElo "2715"]
[BlackElo "2729"]

1.e4 c5 2.Nf3 d6 3.d4 cxd4 4.Nxd4 Nf6 5.Nc3 a6 6.a4 g6 7.Be2 Bg7 8.O-O O-O
9.Be3 Nc6 10.Qd2 Nxd4 11.Bxd4 Be6 12.a5 Rc8 13.Rfd1 Qc7 14.h3 Rfe8 15.Ra3 Nd7
16.Bxg7 Kxg7 17.Qd4+ Kg8 18.Rd2 Qc5 19.Qxc5 Rxc5 20.Nd5 Bxd5 21.exd5 b5 22.axb6 Nxb6
23.Rxa6 Nxd5 24.c3 Nc7 25.Rb6 d5 26.Rb7 e6 27.Rd3 Na8 28.Rd4 Rc7 29.Rdb4 Kg7
30.f4 Ree7 31.Rxc7 Rxc7 32.Rb8 Ra7 33.b4 Nc7 34.b5 Ra8 35.Rb7 Ne8 36.c4 Nd6
37.Rc7 dxc4 38.Bxc4 Ra1+ 39.Kf2 Rc1 40.b6 Nxc4 41.b7 Rb1 42.Rxc4 Rxb7 43.Ra4 h6
44.Ra5 Rb2+ 45.Kf3 Rb3+ 46.Kf2 Rd3 47.h4 Rd5 48.Ra7 g5 49.hxg5 hxg5 50.fxg5 Rxg5
51.g3 Kg6 52.Kf3 Rf5+ 53.Kg2 Rb5 54.Re7 e5 55.Kf2 f6 56.Re8 Kf5 57.Rf8 Rb3
58.Kg2 Rb2+ 59.Kf3 Rb3+ 60.Kg2 Ke6 61.Kf2 Ra3 62.Re8+ Kf5 63.Rf8 Ra7 64.Kf3 Rg7
65.Re8 Kg5 66.Re6 Rg8 67.Re7 Kf5 68.Rh7 Ra8 69.Rh5+ Kg6 70.Rh4 f5 71.Rb4 Kg5
72.Rb7 e4+ 73.Ke3 Ra3+ 74.Kf2 Ra2+ 75.Ke3 Kg4 76.Rg7+ Kh3 77.Rg5 Ra3+ 78.Kf2 Rf3+
79.Ke1 Kg2 80.Ke2 Rf2+ 81.Ke3 Kf1 82.g4 Rf3+ 83.Kd4 e3 84.Rxf5 Rxf5 85.Kxe3 Rf8  0-1

[Event "9th London Classic 2017"]
[Site "London ENG"]
[Date "2017.12.09"]
[Round "7.2"]
[White "Carlsen,M"]
[Black "Adams,Mi"]
[Result "1-0"]
[WhiteElo "2837"]
[BlackElo "2715"]

1.f4 d5 2.Nf3 Nf6 3.g3 g6 4.Bg2 Bg7 5.O-O O-O 6.d3 c5 7.c3 Nc6 8.Na3 Re8
9.Nh4 b6 10.e4 dxe4 11.Qa4 Qxd3 12.Qxc6 Bd7 13.Qc7 Ng4 14.Re1 Bd4+ 15.cxd4 Qxd4+
16.Be3 Nxe3 17.Qe5 f5 18.Bh3 Nc2+ 19.Qxd4 Nxd4 20.Rxe4 fxe4 21.Bxd7 Red8
22.Ba4 e5 23.Re1 exf4 24.gxf4 a6 25.Bd1 b5 26.Nb1 Nf5 27.Nxf5 gxf5 28.Kf2 Kf7
29.Be2 Rd6 30.h4 c4 31.a4 Rc8 32.axb5 axb5 33.Na3 Rd5 34.Rc1 Rdc5 35.Nc2 Ra8
36.Ne3 Rac8 37.h5 Ke6 38.h6 Kf6 39.Ra1 b4 40.Ra6+ Ke7 41.Ra7+ Kf6 42.Ke1 b3
43.Rb7 Ke6 44.Rb6+ Ke7 45.Rb4 R8c6 46.Bxc4 Rxh6 47.Rxb3 Kd8 48.Rb8+ Kc7 49.Rf8 Rh3
50.Nd5+ Kb7 51.Rf7+ Kb8 52.b3 Rh2 53.Nb4 Kc8 54.Na6 Rc6 55.Rf8+ Kb7 56.Bd5 Kxa6
57.Bxc6 Kb6 58.Bd7  1-0

[Event "9th London Classic 2017"]
[Site "London ENG"]
[Date "2017.12.10"]
[Round "8.4"]
[White "Adams,Mi"]
[Black "Aronian,L"]
[Result "1/2-1/2"]
[WhiteElo "2715"]
[BlackElo "2805"]

1.e4 e5 2.Nf3 Nc6 3.Bb5 Nf6 4.O-O Nxe4 5.Re1 Nd6 6.Nxe5 Be7 7.Bf1 Nxe5 8.Rxe5 O-O
9.d4 Bf6 10.Re1 Nf5 11.c3 d5 12.Bf4 c6 13.Nd2 Nh4 14.Bd3 Bf5 15.Bxf5 Nxf5
16.Nf3 Qd7 17.Ne5 Bxe5 18.Rxe5 f6 19.Re1 Rfe8 20.Qd3 Rxe1+ 21.Rxe1 Re8 22.Re2 Rxe2
23.Qxe2 Kf7 24.Qh5+ Kg8 25.Qe2 Kf7 26.Qh5+ Kg8 27.Qe2  1/2-1/2

[Event "9th London Classic 2017"]
[Site "London ENG"]
[Date "2017.12.11"]
[Round "9.3"]
[White "Caruana,F"]
[Black "Adams,Mi"]
[Result "1-0"]
[WhiteElo "2799"]
[BlackElo "2715"]

1.c4 Nf6 2.Nc3 e5 3.Nf3 Nc6 4.g3 d5 5.cxd5 Nxd5 6.Bg2 Bc5 7.O-O O-O 8.d3 Re8
9.Ng5 Nf6 10.Qb3 Qe7 11.Nd5 Nxd5 12.Bxd5 Nd8 13.Qc4 Bd4 14.Bg2 h6 15.Nf3 Nc6
16.Be3 Bxe3 17.fxe3 e4 18.dxe4 a5 19.a3 Ra6 20.Rac1 Rb6 21.Rc2 Be6 22.Qc3 Rb3
23.Qd2 Rd8 24.Qc1 a4 25.Rc5 Rd7 26.h3 Qd8 27.g4 g6 28.Kh1 Kg7 29.e5 Bd5 30.Kg1 Be6
31.Kf2 Qe7 32.Kg1 Rd5 33.Rc4 Ra5 34.Rc2 Bd5 35.Nd4 Nxd4 36.exd4 Rg3 37.Rf3 Bxf3
38.exf3 c6 39.Kh2 Rxg2+ 40.Kxg2 Rd5 41.Rc4 c5 42.Rxc5 Rxd4 43.Qc3 Qd8 44.Rc8 Qb6
45.Re8 g5 46.Re7 Kg8 47.e6 fxe6 48.Qc2 Kf8 49.Rh7 Qc6 50.Qxc6 bxc6 51.Rxh6 Kf7
52.Kg3 Rd2 53.Rh7+ Kf6 54.Rb7 Ke5 55.h4 gxh4+ 56.Kxh4 Kf4 57.Rf7+ Ke3 58.Kg3 Rd1
59.g5 Rg1+ 60.Kh4 Rg2 61.Rf6 e5 62.g6 Rxb2 63.Kg5 Rg2+ 64.Kh6 Rh2+ 65.Kg7 c5
66.Kf7 c4 67.g7 Rh7 68.Ra6  1-0

[Event "Bundesliga TB 2017-18"]
[Site "Baden-Baden GER"]
[Date "2018.05.24"]
[Round "1.6"]
[White "Adams,Mi"]
[Black "Predojevic,B"]
[Result "1/2-1/2"]
[WhiteElo "2701"]
[BlackElo "2630"]

1.e4 e6 2.d4 d5 3.Nd2 c5 4.exd5 Qxd5 5.Ngf3 cxd4 6.Bc4 Qd8 7.Nb3 Qc7 8.Qxd4 Nc6
9.Qh4 Bd6 10.Bd2 Bd7 11.O-O-O Nge7 12.Kb1 O-O-O 13.Bc3 f6 14.Nfd2 Ne5 15.Be2 Nd5
16.Ne4 Nxc3+ 17.Nxc3 a6 18.Ne4 Be7 19.Qg3 g5 20.Nd4 Ng6 21.Qb3 Nf4 22.Bc4 e5
23.Ne6 Nxe6 24.Bxe6 Kb8 25.Bxd7 Rxd7 26.Qe6 Rhd8 27.Rxd7 Rxd7 28.g4 Ka7 29.a3 Bd8
30.f3 Rd4 31.Rc1 Qa5 32.Qf7 h6 33.Ka2 Qb6 34.Kb1 Qb5 35.h3 Qe2 36.Qb3 Qg2
37.c3 Rd7 38.Nc5 Rc7 39.Ne6 Rd7 40.Rd1 Rxd1+ 41.Qxd1 Bb6 42.Qd5 Qxh3 43.Nc5  1/2-1/2

[Event "Bundesliga 2019-20"]
[Site "Deizisau GER"]
[Date "2019.11.23"]
[Round "1.4"]
[White "Gumularz,Szymon"]
[Black "Adams,Mi"]
[Result "1/2-1/2"]
[WhiteElo "2489"]
[BlackElo "2692"]

1.d4 Nf6 2.c4 e6 3.Nc3 Bb4 4.e3 O-O 5.Bd3 d5 6.Nf3 c5 7.O-O dxc4 8.Bxc4 Nc6
9.a3 Ba5 10.Qd3 h6 11.Ne4 cxd4 12.exd4 Bb6 13.Be3 Nd5 14.Rad1 Qe7 15.Ba2 Rd8
16.Nc3 Nxc3 17.Qxc3 Bd7 18.d5 exd5 19.Bxb6 axb6 20.Bxd5 Qc5 21.Qb3 Be8 22.Rfe1 Rd7
23.Ne5 Re7 24.Nd3 Qa5 25.Nb4 Qc5 26.Nd3 Qa5 27.Nb4 Qc5 28.Nd3  1/2-1/2